|
|
|
|
| LEADER |
00000nas a2200000 i 4500 |
| 001 |
ssj0029099 |
| 003 |
WaSeSS |
| 005 |
20200512172242.0 |
| 006 |
m d |
| 007 |
cr n |
| 008 |
040122c19939999bl qr p s 0 0por |
| 010 |
|
|
|a 2017240171
|
| 022 |
|
|
|a 1678-9873
|y 0104-4478
|
| 035 |
|
|
|a (WaSeSS)ssj0029099
|
| 040 |
|
|
|a IWA
|b eng
|e pn
|c IWA
|d OCLCQ
|d CGU
|d OCLCQ
|d OCLCF
|d OCLCO
|d OCL
|d OCLCQ
|d IXA
|d OCLCA
|d WaSeSS
|
| 041 |
0 |
|
|a por
|a spa
|b eng
|b fre
|
| 042 |
|
|
|a pcc
|
| 043 |
|
|
|a s-bl---
|
| 245 |
0 |
0 |
|a Revista de sociologia e política
|h [electronic resource].
|
| 260 |
|
|
|a Curitiba, PR, Brasil :
|b Universidade Federal do Paraná, Pró-Reitoria de Pesquisa e Pós-Graduação,
|c 1993-
|
| 310 |
|
|
|a Quarterly,
|b 2011-
|
| 321 |
|
|
|a Semiannual,
|b 1993-2007
|
| 321 |
|
|
|a Three times a year,
|b 2008-2010
|
| 362 |
1 |
|
|a Began with No. 1 (1993).
|
| 506 |
|
|
|a License restrictions may limit access.
|
| 546 |
|
|
|a Chiefly Portuguese; some Spanish; abstracts in English, French and Portuguese.
|
| 550 |
|
|
|a Issued by: Universidade Federal do Paraná, Departamento de Ciências Sociais, Programa de Pós-Graduação em Ciência Política.
|
| 588 |
|
|
|a Description based on: No. 1 (1993); title from HTML header (publisher's website, viewed Apr. 20, 2017).
|
| 588 |
|
|
|a Latest issue consulted: V. 25, n. 61 (março 2017) (viewed Apr. 20, 2017).
|
| 650 |
|
0 |
|a Political sociology
|v Periodicals.
|
| 650 |
|
0 |
|a Political science
|v Periodicals.
|
| 650 |
|
7 |
|a Political science.
|2 fast
|0 (OCoLC)fst01069781
|
| 650 |
|
7 |
|a Political sociology.
|2 fast
|0 (OCoLC)fst01069877
|
| 650 |
|
7 |
|a Politics and government.
|2 fast
|0 (OCoLC)fst01919741
|
| 650 |
|
7 |
|a Social conditions.
|2 fast
|0 (OCoLC)fst01919811
|
| 651 |
|
0 |
|a Brazil
|x Politics and government
|v Periodicals.
|
| 651 |
|
0 |
|a Brazil
|x Social conditions
|v Periodicals.
|
| 651 |
|
7 |
|a Brazil.
|2 fast
|0 (OCoLC)fst01206830
|
| 655 |
|
0 |
|a Electronic journals.
|
| 710 |
2 |
|
|a Universidade Federal do Paraná.
|b Programa de Pós-Graduação em Ciência Política.
|
| 776 |
0 |
8 |
|i Print version:
|t Revista de sociologia e política
|x 0104-4478
|w (DLC) 94833779
|w (OCoLC)32256543
|
| 856 |
4 |
0 |
|z Full text available from Research Library: 06/01/1999 to present
|u https://search.proquest.com/publication/1636337
|